Statistics for Random Marathi Words #1

Click here to take the quiz!

General Stats

  • This quiz has been taken 23 times
  • The average score is 10 of 15

Answer Stats

Marathi WordEnglish Answer% Correct
पैसा
Paisā
Money
100%
राजा
Rājā
King
90%
दुकान
Dukāna
Shop
89%
मंगळवार
Maṅgaḷavāra
Tuesday
89%
चमचा
Camacā
Spoon
86%
उत्सव
Utsava
Celebration
82%
आग
Āga
Fire
80%
कुत्रा
Kutrā
Dog
75%
कचरा
Kacarā
Garbage
75%
सोने
Sōnē
Gold
75%
आई
Ā'ī
Mother
73%
शक्ती
Śaktī
Power
73%
भूत
Bhūta
Demon
71%
नृत्य
Nr̥tya
Dance
70%
चंद्र
Candra
Moon
70%
परीक्षा
Parīkṣā
Test
70%
पुस्तक
Pustaka
Book
69%
हिरवा
Hiravā
Green
67%
विजय
Vijaya
Victory
67%
खिडकी
Khiḍakī
Window
67%
सत्य
Satya
Truth
63%
शत्रू
Śatrū
Adversary
62%
प्राणी
Prāṇī
Animal
60%
देश
Dēśa
Country
60%
युद्ध
Yud'dha
War
60%
इतिहास
Itihāsa
History
58%
गवत
Gavata
Grass
55%
बालिश
Bāliśa
Childish
54%
मीठ
Mīṭha
Salt
38%
बृहस्पति
Br̥haspati
Jupiter
13%

Score Distribution

Percentile by Number Answered

Percent of People with Each Score

Your Score History

You have not taken this quiz